The American empire

Spremljeno u:
Bibliografski detalji
Glavni autor: Riencourt, Amaury de
Format: Knjiga
Jezik:Undetermined
Izdano: New York A Delta Book 1968
Oznake: Dodaj oznaku
Bez oznaka, Budi prvi tko označuje ovaj zapis!
Thư viện lưu trữ: Trung tâm Học liệu Trường Đại học Cần Thơ
LEADER 00432nam a2200169Ia 4500
001 CTU_86845
008 210402s9999 xx 000 0 und d
082 |a 973 
082 |b R557 
100 |a Riencourt, Amaury de 
245 4 |a The American empire 
245 0 |c Amaury de Riencourt 
260 |a New York 
260 |b A Delta Book 
260 |c 1968 
904 |i TRúc 
980 |a Trung tâm Học liệu Trường Đại học Cần Thơ